00463 2200169 4500001002100000005001500021035002000036007000300056008004100059082001100100084001700111100002100128245008400149260003300233856001700266990001000283INLIS00000000000311720250801101919 a0010-0825000013ta250801 1 ind  a181.16 a181.16 HAN k0 aHandoyo Suprapto1 aKitab petuah warisan leluhur jawa : belajar bijak dan inspiratif melakoni hidup aYogyakarta :bLaksana,c2015 aKoleksi Umum a25219